Quizzes
Events
Quiz Creation
Community
Videos
Private Events
Remove Ads
Sign In
Join for FREE
Feedback
Dark Mode
Quiz Categories
Sports
Geography
Music
Movies
Television
Just For Fun
Miscellaneous
History
Literature
Language
Science
Gaming
Entertainment
Religion
Holiday
For Kids
Quiz Lab
Recent
Popular Today
Quiz Kudos Today
Editor Picks
Curator Picks
Quizzes by...
Day
Popularity
Type
Ratings
Length
Year
Community
Subscriptions
Recent Discussions
Orange Saloon
Badges
Playlists
Quests
Create
Leaderboards
Showdown
Live 5
Trivia Bingo
Activity
Puzzle Library
Sporcle Events
Private Events
Virtual Trivia
Globe League
Become a Host
Pub Owners
SporcleCon
Opinionation
Our Games
Videos
Blog
Mobile Apps
Partnerships
Remove Ads and Go Orange
Feedback
Just For Fun
Clickable
Get the Picture
Humor
Quick Pick
Word Ladder
Missing Word
Mixed Word
Blitz
Minefield
This or That
Alphabet
Color
Typing
Sporcle
Puzzle
Word Play
Follow That Line
Logic
Just For Fun
Clickable
Get the Picture
Humor
Quick Pick
Word Ladder
Missing Word
Mixed Word
Blitz
Minefield
This or That
Alphabet
Color
Typing
Sporcle
Puzzle
Word Play
Follow That Line
Logic
Random Quiz
Search Sporcle
×
Quiz Lab
Quiz Lab
Just For Fun
mascot
Type in answers that appear in a list
Type in answers that appear in a list
Classic
Best Score? Go Orange.
Orange County High School Mascots Stats
Can you name the California High School Mascots? All public schools in Orange County, CA.
By
pjb731
10m
67 Questions
119 Plays
119 Plays
119 Plays
Comments
Comments
Give Quiz Kudos
Give Quiz Kudos
-
- Ratings
hide this ad
Replay
Link that replays current quiz
Next Quiz
Link to next quiz in quiz playlist
You Got
0%
They Got
Avg Score
47%
Avg Friend Score
Upgrade to see
Score Distribution
Jump to the score distribution portion of the page
Score
0/67
Timer
10:00
0
Plays Today
Hint
Answer
% Correct
El Dorado High School
Golden Hawks
72.5%
Laguna Hills High School
Hawks
72.5%
Troy High School
Warriors
70%
Woodbridge High School
Warriors
70%
Valencia High School
Tigers
70%
Westminster High School
Lions
65%
Estancia High School
Eagles
65%
Capistrano Valley High School
Cougars
62.5%
Marina High School
Vikings
62.5%
Portola High School
Bulldogs
62.5%
Edison High School
Chargers
60%
Costa Mesa High School
Mustangs
60%
Orange High School
Panthers
60%
Yorba Linda High School
Mustangs
60%
El Toro High School
Chargers
60%
Trabuco Hills High School
Mustangs
60%
Katella High School
Knights
57.5%
Villa Park High School
Spartans
57.5%
Valley High School
Falcons
57.5%
Foothill High School
Knights
57.5%
Brea Olinda High School
Wildcats
55%
Fullerton Union High School
Indians
55%
Dana Hills High School
Dolphins
52.5%
Huntington Beach High School
Oilers
50%
Segerstrom High School
Jaguars
50%
Oxford Academy
Patriots
47.5%
Corona del Mar High School
Sea Kings
47.5%
Arnold O. Beckman High School
Patriots
47.5%
San Clemente High School
Tritons
45%
Sunny Hills High School
Lancers
45%
Sonora High School
Raiders
45%
Santa Ana High School
Saints
45%
Tesoro High School
Titans
42.5%
Buena Park High School
Coyotes
42.5%
Hint
Answer
% Correct
Ocean View High School
Seahawks
42.5%
University High School
Trojans
42.5%
Mission Viejo High School
Diablos
42.5%
Tustin High School
Tillers
42.5%
Aliso Niguel High School
Wolverines
40%
San Juan Hills High School
Stallions
37.5%
La Quinta High School
Aztecs
37.5%
Los Alamitos High School
Griffins
37.5%
Newport Harbor High School
Sailors
37.5%
Esperanza High School
Aztecs
37.5%
Godinez Fundamental High School
Grizzlies
35%
La Habra High School
Highlanders
32.5%
Rancho Alamitos High School
Vaqueros
32.5%
Irvine High School
Vaqueros
32.5%
Cypress High School
Centurions
30%
Century High School
Centurions
30%
Anaheim High School
Colonists
27.5%
John F. Kennedy High School
Fighting Irish
25%
Savanna High School
Rebels
25%
Western High School
Pioneers
25%
Pacifica High School
Mariners
25%
Santiago High School
Cavaliers
25%
Los Amigos High School
Lobos
25%
Canyon High School
Comanches
25%
Magnolia High School
Sentinels
22.5%
Bolsa Grande High School
Matadors
22.5%
Loara High School
Saxons
20%
Garden Grove High School
Argonauts
20%
Fountain Valley High School
Barons
20%
Laguna Beach High School
Breakers
20%
Northwood High School
Timberwolves
15%
El Modena High School
Vanguards
15%
Saddleback High School
Roadrunners
15%
Quiz Playlist
Details
Report
Send in Message
Add To Playlist
Classic:
Type in answers that appear in a list
Last Updated: Aug 29, 2020
Quiz Scoreboard
CHALLENGE
Sign Up to Join the Scoreboard
Show All
Scores
Hide
Comments
May contain spoilers
Recently Published
One Thing in Common: World Cities II
by knightlancer
Geography
7m
Popular People in 1961
by mucciniale
History
6m
1-10 Letter E Words III
by El_Dandy
Language
2m
More to Explore
Quiz From the Vault
Featured Blog Post
Where Did the Easter Bunny Come From?
hide this ad
You Might Also Like...
Tags
California
County
mascot
orange
school
School Mascots
Today's Top Quizzes in Just For Fun
Browse Just For Fun
hide this ad
Today's Top Quizzes in mascot
Browse mascot
Top Contributed Quizzes in Just For Fun
1
Harry Potter Logic - 'In Chains' II
2
Survivor Winners Logic Puzzle
3
Crossword Whiteout! 49
4
Letter's Position in the Alphabet Blitz
5
Thermometer Puzzle 25
6
Aquarium Logic Puzzle 17
7
Big Thermometer Puzzle 21
8
Clickable 1 to 100 Minefield
9
K-Pop Idol Olympics Logic Quiz II
10
Tapa Puzzle
Explore More
Trending Topics
Marvel
Anime
Crossword
NBA
Harry Potter
Kpop
Disney
WWE
Puzzle
The Office
Song
Soccer
NFL
Pokémon
Country
hide this ad
More By:
pjb731
Quiz
Plays
Rating
Category
Featured
Created
Duggars Trivia
1,094
1.00
Television
Dec 30, 2012
Grey's Anatomy Trivia
983
1.00
Television
Feb 9, 2014
Jon and Kate Plus 8 Trivia
275
Television
Jun 20, 2014
Duggar Children and Grandchildren
142
3.00
Television
Apr 25, 2020
Bates Family
124
Just For Fun
Aug 29, 2020
Go to Creator's Profile
Score Distribution
Quiz Creator Spotlight
pjb731
Follow
Send a Message
Quizzes Created
-
Created Quiz Play Count
-
More By This Creator
Popular Quizzes Today
1
Find the US States - No Outlines Minefield
2
The Countries of the World
3
Find the Countries of Europe - No Outlines Minefield
4
Popular People in 1961
5
1-10 Letter E Words III
6
Find the US States
7
One Thing in Common: World Cities II
8
US States
More Just For Fun Quizzes
Missing Word: Name Pairs
Published
Trending Quizzes
Risky Map Clicking: Least Populous States A-Z
1-10 Letter F Words
1-10 Letter G Words
One Thing in Common: United Kingdom
Risky Map Clicking: Next State Alphabetically
Recently Updated
Leaping Animals
pecheneg
Reality TV Shows (A-Z)
bhenderson79
Rickey Henderson's Hall of Fame Teammates
pecheneg
Champions League XIs: Arsenal
pecheneg
Quick Pick: Celebrities in WWE's Hall of Fame
aduchscher
A-Z Keypad Blitz II
pecheneg
Multiple Oscar Actors
pecheneg
Mystery Phrase Blitz: Oscar 'Best Actors'
pecheneg
F. Scott Fitzgerald Novels
LTH
Pick 3 Villains
ddd62291
Trending Topics
Kpop
NBA
Harry Potter
Crossword
Marvel
Disney
Anime
Song
WWE
Puzzle
Pokémon
Soccer
NFL
The Office
Country
Your Account Isn't Verified!
In order to create a playlist on Sporcle, you need to verify the email address you used during registration. Go to your
Sporcle Settings
to finish the process.
Report this User
Report this user for behavior that violates our
Community Guidelines
.
Details:
Send Report
Go to the Sporcle.com Mobile Site →
Comments